Торф и продукты его переработки

Λεπτομέρειες βιβλιογραφικής εγγραφής
Κύριος συγγραφέας: Томсон А. Э. Алексей Эммануилович
Συγγραφή απο Οργανισμό/Αρχή: Национальная Академия наук Беларуси (НАНБ, НАН Беларуси) Институт природопользования
Άλλοι συγγραφείς: Наумова Г. В. Галина Васильевна
Περίληψη:Приведены результаты исследований и обобщенные литературные данные о распространении торфяно-болотных комплексов и торфяных ресурсов в различных регионах Земли и в том числе в Беларуси. Особое внимание уделено обобщению сведений о природе, физико-химических свойствах и химическом составе основных видов сфагнового торфа. Он менее изучен, но представляет большую ценность как сырье для химической переработки с получением экологически безопасных биологически активных препаратов для животноводства и птицеводства, консервантов кормов, сорбентов, геоматов и других материалов, необходимых современному народному хозяйству. Актуальность данной работы подтверждается наличием существенных ресурсов торфа в Беларуси, возможностью производства на его основе новых экологобезопасных продуктов и материалов, поиском нетрадиционных направлений его использования. Предназначена для научных работников, занимающихся исследованием и использованием торфа, специалистов по химической переработке торфа и его физико-химической модификации, специалистов сельского хозяйства, биотехнологии. Будет полезна преподавателям и студентам высших учебных заведений экологического, химико-технологического, сельскохозяйственно­го и биологического профиля.
Γλώσσα:Ρωσικά
Έκδοση: Минск, Беларуская навука, 2009
Θέματα:
Μορφή: Βιβλίο
KOHA link:https://koha.lib.tpu.ru/cgi-bin/koha/opac-detail.pl?biblionumber=190183

MARC

LEADER 00000nam0a2200000 4500
001 190183
005 20231101224251.0
010 |a 9789850810960 
035 |a (RuTPU)RU\TPU\book\207070 
090 |a 190183 
100 |a 20110118d2009 k y0rusy50 ca 
101 0 |a rus 
102 |a BY 
105 |a a z 001zy 
200 1 |a Торф и продукты его переработки  |f А. Э. Томсон, Г. В. Наумова  |g Национальная Академия наук Беларуси (НАНБ, НАН Беларуси), Институт природопользования 
210 |a Минск  |c Беларуская навука  |d 2009 
215 |a 328 с.  |c ил. 
320 |a Библиогр.: с. 290-326. 
330 |a Приведены результаты исследований и обобщенные литературные данные о распространении торфяно-болотных комплексов и торфяных ресурсов в различных регионах Земли и в том числе в Беларуси. Особое внимание уделено обобщению сведений о природе, физико-химических свойствах и химическом составе основных видов сфагнового торфа. Он менее изучен, но представляет большую ценность как сырье для химической переработки с получением экологически безопасных биологически активных препаратов для животноводства и птицеводства, консервантов кормов, сорбентов, геоматов и других материалов, необходимых современному народному хозяйству. Актуальность данной работы подтверждается наличием существенных ресурсов торфа в Беларуси, возможностью производства на его основе новых экологобезопасных продуктов и материалов, поиском нетрадиционных направлений его использования. Предназначена для научных работников, занимающихся исследованием и использованием торфа, специалистов по химической переработке торфа и его физико-химической модификации, специалистов сельского хозяйства, биотехнологии. Будет полезна преподавателям и студентам высших учебных заведений экологического, химико-технологического, сельскохозяйственно­го и биологического профиля. 
606 1 |a Торфяные месторождения  |2 stltpush  |3 (RuTPU)RU\TPU\subj\61097  |9 78305 
606 1 |a Торф  |x Переработка  |x Автоматизация  |x Механизация комплексная  |2 stltpush  |3 (RuTPU)RU\TPU\subj\61059  |9 78267 
610 1 |a торфяные ресурсы 
610 1 |a болота 
610 1 |a торфообразование 
610 1 |a сфагновый торф 
610 1 |a физические свойства 
610 1 |a химический состав 
610 1 |a биологически активные вещества 
610 1 |a гуминовые вещества 
610 1 |a ферменты 
610 1 |a добыча 
610 1 |a использование 
610 1 |a сорбционные материалы 
610 1 |a металлосодержащие формы 
610 1 |a термическая переработка 
610 1 |a наноструктурированные материалы 
610 1 |a химическая деструкция 
610 1 |a новые продукты 
675 |a 553.97  |v 3 
675 |a 622.331  |v 3 
700 1 |a Томсон  |b А. Э.  |g Алексей Эммануилович 
701 1 |a Наумова  |b Г. В.  |g Галина Васильевна 
712 0 2 |a Национальная Академия наук Беларуси (НАНБ, НАН Беларуси)  |b Институт природопользования  |c (Минск)  |2 stltpush  |3 (RuTPU)RU\TPU\col\17430 
801 1 |a RU  |b 63413507  |c 20110118 
801 2 |a RU  |b 63413507  |c 20121119  |g RCR 
942 |c BK 
959 |a 5/20110118  |d 1  |e 220,00  |f ЧЗТЛ:1